Štúdio tanca
Uložené v:
| Hlavný autor: | |
|---|---|
| Ďalší autori: | |
| Médium: | Rukopis Kniha |
| Jazyk: | Slovak |
| Vydavateľské údaje: |
Bratislava
2016
|
| Predmet: | |
| On-line prístup: | http://is.stuba.sk/zp/portal_zp.pl?podrobnosti=102423 |
| Tagy: |
Žiadne tagy, Buďte prvý, kto otaguje tento záznam!
|
MARC
| LEADER | 00000ntm a22000003a 4500 | ||
|---|---|---|---|
| 001 | stuzp57454 | ||
| 003 | SK-STU | ||
| 005 | 20210216103529.3 | ||
| 007 | ta | ||
| 008 | 150427s2015----xo-----f-mn---000-0-slo-d | ||
| 040 | |a STU |b slo | ||
| 041 | 0 | |a slo | |
| 100 | 1 | |a Kovaľová, Zuzana |u 054140 |4 aut |U FAD Fakulta architektúry |T FA Ústav konštrukcií v architektúre a inžinierskych stavieb |X 61688 |U A4140 |Y 395 |7 61688 | |
| 242 | 0 | 1 | |a Dance Studio |y eng |
| 245 | 1 | 0 | |a Štúdio tanca |
| 260 | |c 2016 |a Bratislava | ||
| 650 | 4 | |a tanečná sála |2 slo | |
| 650 | 4 | |a štúdio tanca |2 slo | |
| 650 | 4 | |a Petržalka - Chorvátske rameno |2 slo | |
| 650 | 4 | |a ťahokov |2 slo | |
| 650 | 4 | |a dance hall |2 eng | |
| 650 | 4 | |a dance studio |2 eng | |
| 650 | 4 | |a expanded metal |2 eng | |
| 700 | 1 | |a Kujanová, Katarína |u 054140 |k Z8 |4 ths |U FAD Fakulta architektúry |T FA Ústav konštrukcií v architektúre a inžinierskych stavieb |X 502 |U A4140 |Y 395 |7 A000000502 | |
| 856 | 4 | |u http://is.stuba.sk/zp/portal_zp.pl?podrobnosti=102423 |u https://opac.crzp.sk/?fn=detailBiblioForm&sid=432D5F57058EEAA051982161F036 | |
| SQL | |a stuzp57454 |b DBP |c SLO |d Štúdio tanca |e 61688 |f Kovaľová, Zuzana |g 054140 |h 502 |i Kujanová, Katarína |j 20160609 |k 149 |l 05 |m http://is.stuba.sk/zp/portal_zp.pl?podrobnosti=102423 |n B-AU |o 5.1.1. architektúra a urbanizmus | ||